000 02161 a2200313 4500
001 OB-pur-175631
003 FrMaCLE
005 20251214082842.0
007 cu ||||||m||||
008 221207e||||||||xx |||||s|||||||||0|fr|d
020 _a978-2-7535-2644-0
024 7 _a10.4000/books.pur.175631
_2doi
040 _aFR-FrMaCLE
041 _afra
100 1 _aDelaunay, Quynh
245 1 0 _aHistoire de la machine à laver :
_bUn objet technique dans la société française /
_cQuynh Delaunay.
260 _aRennes :
_bPresses universitaires de Rennes,
_c2022.
300 _a348 p.
500 _aEbook
520 _a Les sociétés contemporaines vivent entourées d’objets techniques, mais ceux-ci ne suscitent généralement que peu d’intérêt. C’est en partie pourquoi ces objets sont évacués des préoccupations de recherche en sciences sociales. Leur indignité dans le champs des valeurs et des’ représentations a entraîné leur déclassement comme sujet de réflexion. Et pourtant, quel passionnant objet que la machine à laver ! Son histoire révèle l’évolution des besoins domestiques d’entretien du linge, elle renvoie aux modifications des notions de propre et de sale, elle révèle les modalités de mise en place du machinisme industriel. La machine à laver est donc le lieu de cristallisation d’enjeux considérables, où sont impliqués de multiples acteurs : l’Etat, les constructeurs, les usagers, c’est-à-dire les femmes. Tous ont contribué à constituer cet espace d’échange, qui a fait que cet objet se crée, circule, se fait connaître et acquiert progressivement une existence sociale. Par le détour de la machine à laver, l’ouvrage de Quynh Delaunay nous invite à une lecture désaliénée des objets du quotidien.  
540 _aOpenEdition Books License
_uhttps://www.openedition.org/12554
650 4 _aHistory
650 4 _ahistoire contemporaine
650 4 _ahistoire des techniques
650 4 _abesoin domestique
760 0 _x2111-496X
776 _z978-2-86847-099-7
856 4 _eDelaunay, Quynh
_uhttps://books.openedition.org/pur/175631
_yHistoire de la machine à laver
999 _c15484
_d15484